Civilization and Capitalism15th-18th Century: (Record no. 221504)
[ view plain ]
| 000 -LEADER | |
|---|---|
| fixed length control field | 01023nam a22002417a 4500 |
| 005 - DATE AND TIME OF LATEST TRANSACTION | |
| control field | 20220214145638.0 |
| 008 - FIXED-LENGTH DATA ELEMENTS--GENERAL INFORMATION | |
| fixed length control field | 220214b ||||| |||| 00| 0 eng d |
| 020 ## - INTERNATIONAL STANDARD BOOK NUMBER | |
| International Standard Book Number | 9780520081147 |
| 040 ## - CATALOGING SOURCE | |
| Transcribing agency | AL |
| 041 ## - LANGUAGE CODE | |
| Language code of text/sound track or separate title | eng |
| 082 ## - DEWEY DECIMAL CLASSIFICATION NUMBER | |
| Edition number | 23 |
| Classification number | 909.08 |
| Item number | BRAC |
| 100 ## - MAIN ENTRY--PERSONAL NAME | |
| Personal name | Fernand Braudel |
| 100 ## - MAIN ENTRY--PERSONAL NAME | |
| 9 (RLIN) | 19743 |
| 245 ## - TITLE STATEMENT | |
| Title | Civilization and Capitalism15th-18th Century: |
| Remainder of title | The Structures of Everyday Life |
| 260 ## - PUBLICATION, DISTRIBUTION, ETC. | |
| Place of publication, distribution, etc. | London |
| Name of publisher, distributor, etc. | William Collins Sons & Co. Ltd |
| Date of publication, distribution, etc. | 1979 |
| 300 ## - PHYSICAL DESCRIPTION | |
| Extent | 623 p. |
| Other physical details | HB |
| Dimensions | 23x17 cm |
| 520 ## - SUMMARY, ETC. | |
| Summary, etc. | By examining in detail the material life of pre-industrial peoples around the world, Fernand Braudel significantly changed the way historians view their subject. Volume I describes food and drink, dress and housing, demography and family structure, energy and technology, money and credit, and the growth of towns. |
| 650 ## - SUBJECT ADDED ENTRY--TOPICAL TERM | |
| Topical term or geographic name entry element | World Population |
| 9 (RLIN) | 19730 |
| 650 ## - SUBJECT ADDED ENTRY--TOPICAL TERM | |
| Topical term or geographic name entry element | Social History |
| 9 (RLIN) | 19731 |
| 650 ## - SUBJECT ADDED ENTRY--TOPICAL TERM | |
| Topical term or geographic name entry element | Economic History |
| 9 (RLIN) | 19732 |
| 650 ## - SUBJECT ADDED ENTRY--TOPICAL TERM | |
| Topical term or geographic name entry element | Civilization |
| 9 (RLIN) | 19733 |
| 700 ## - ADDED ENTRY--PERSONAL NAME | |
| Personal name | BRAUDEL (Fernand) |
| 9 (RLIN) | 19734 |
| 942 ## - ADDED ENTRY ELEMENTS (KOHA) | |
| Source of classification or shelving scheme | Dewey Decimal Classification |
| Koha item type | George Fernandes Collections |
| Withdrawn status | Lost status | Source of classification or shelving scheme | Damaged status | Not for loan | Collection code | Home library | Current library | Date acquired | Total Checkouts | Full call number | Barcode | Date last seen | Date last checked out | Price effective from | Koha item type |
|---|---|---|---|---|---|---|---|---|---|---|---|---|---|---|---|
| Dewey Decimal Classification | History | St Aloysius Library | St Aloysius Library | 03/24/2013 | 1 | 909.08 BRAC | GF03075 | 11/08/2023 | 10/30/2023 | 02/14/2022 | George Fernandes Collections |